Ed Sheeran - Une lettre, une chanson - Statistiques

Statistiques générales
  • Ce quiz a été pris 86 fois
    60 depuis la dernière actualisation
  • Le résultat moyen est 12 sur 24
Statistiques - réponses
Lettres Chansons % Correct
S Sandman / Salt Water / Sapphire / Save Myself / Shape of You / She / Shirtsleeves / Shivers / Sing / Slowly / Small Bump / So / Sofa / South of the Border / Spark / Spring / Stop the Rain Sheeran / Stoned / Sunburn / Supermarket Flowers / Sycamore / Symmetry
98%
A Afire Love / Afterglow / All of the Stars / Amazing / American Town / Antisocial / The A Team / Azizam
88%
P Page / Perfect / Perfect Duet / Perfect Symphony / Photograph / Plastic Bag / Problems / Punchline / Put It All on Me
88%
B Bad Habits / Barcelona / A Beautiful Game / Beautiful People / Be Like You / Be My Husband / Best Part of Me / Be Right Now / Bibia Be Ye Ye / Bloodstream / Blow / Blue / Boat / Borderline
77%
G Galway Girl / Give Me Love/The Parting Glass / Goodbye to You / Grade
72%
C Camera / Castle on the Hill / Celestial / The City / Cold Coffee / Collide / Colourblind / Cross Me / Curtains
65%
I I Don't Care / I Don't Want Your Money / I'm a Mess / In Other Words / I See Fire
60%
H Happier / Head/Heels / Hearts Don't Break Around Here / Heaven / The Hills of Aberfeldy / Homeless / How Would You Feel (Paean)
58%
D The Day I Was Born / Dive / Don't / Don't Look Down / Drive / Drown Me Out / Drunk / Dusty
56%
E End of Youth / England / Eraser / Even My Dad Does Sometimes / Everything You Are / Eyes Closed
51%
T Take It Back / Take Me Back to London / Tenerife Sea / That's on Me / Thinking Out Loud / This / Tides / Toughest
51%
O Old Phone / One / One Night / Overpass Graffiti
47%
N Nancy Mulligan / New Man / Nightmares / Nina / No Strings / Nothing on You
44%
Y You / You Need Me, I Don't Need You
37%
Chiffres 1000 Nights / 2step
35%
F F64 / Fall / Family / Feels / Fire Alarms / Firefly / First Times / For Always / Friends
30%
L Lately / Lego House / Leave Your Life Sheeran / Let It Out / Life Goes On / Little Bird / Little Lady / A Little More / Love in Slow Motion
30%
J The Joker and the Queen
30%
W Wake Me Up / War Games / Way to Break My Heart / What Do I Know? / When Will I Be Alright / Where We Land / Wildflowers
30%
M Magical / The Man / Merry Christmas / Midnight / Moving
26%
V Vega / Visiting Hours / The Vow
26%
K Kiss Me
23%
U Under the Tree / U. N. I.
21%
R Radio / Regrets / Remember the Name / Runaway
19%
Aucun quiz correspondant
Distribution des résultats
% des personnes avec chaque résultat
Percentile par nombre de réponses
Votre historique - résultats
Vous n’avez pas pris ce quiz depuis la dernière actualisation